| Поле | Инд. | ПП | Название | Значение |
|---|---|---|---|---|
| Тип записи | a | |||
| Библиографический уровень | b | |||
| 001 | Контрольный номер | d84058fbf4354a1dac870a70da7402ed | ||
| 005 | Дата корректировки | 20251009123046.1 | ||
| 024 | 80 | a | Стандартный номер | 10.3103/S002713492570033X |
| 040 | a | Служба первич. каталог. | РИНЦ | |
| b | Код языка каталог. | rus | ||
| 041 | 0_ | a | Код языка текста | eng |
| 097 | a | Василенко М.А. | ||
| 100 | 1_ | a | Автор | Petrov A. V. |
| 100 | 1_ | a | Автор | Snigirev O.V. |
| 100 | 1_ | a | Автор | Ovchenkov E. A. |
| 100 | 1_ | a | Автор | Chareev D. A. |
| c | Титул (звания) | доцент (ученое звание); кандидат химических наук; профессор (должность); | ||
| i | 000091010 | |||
| g | Прочие сведения | РИНЦ AuthorID: 135561 (http://elibrary.ru/author_profile.asp?id= 135561); SPIN-код: 6270-1872 (http://elibrary.ru/author_items.asp?authorid=135561); Scopus Author ID: 15051531400v (https://www.scopus.com/authid/detail.uri?authorId=15051531400); ORCID ID: http://orcid.org/0000-0002-9380-2680 | ||
| k | Кафедра химии, новых технологий и материалов; Факультет естественных и инженерных наук | |||
| q | Полное имя | Чареев Дмитрий Александрович | ||
| u | Дополнение | Чареев Д. А.; Chareev D. A. | ||
| 245 | 10 | a | Заглавие | FeSe0.5Te05 Films on. Glass with CeO2 Doping |
| 773 | 18 | t | Название источника | Moscow University Physics Bulletin |
| b | Сведения об издании | Allerton Press | ||
| c | Russia | |||
| d | Место и дата издания | 2025 | ||
| m | Специф. данные | входит в Белый список; входит в Scopus; входит в ядро РИНЦ; ненулевой импакт-фактор | ||
| n | Примечание | Вестник Московского университета. Серия 3: Физика. Астрономия | ||
| q | У3 Белый список; Q4 Scopus 2024 | |||
| o | Прочие индексы | SJR 0.159 | ||
| x | ISSN | 0027-1349 | ||
| g | Прочая информация | Т. 80. - № 2. - С. 306 - 313 | ||
| w | Контрольный № источника | 978e978de6d7415482a3ccfa19ef6bdb | ||
| 856 | 40 | u | URL | https://www.elibrary.ru/item.asp?id=82621137 |
| 901 | t | Тип документа | b | |
| 952 | c | Вид литературы | статья в журнале |